Alle Städte an der Saale - Statistiken

Allgemein
  • Dieses Quiz wurde 87 mal gespielt
  • Das Durchschnittsergebnis liegt bei 11 aus 27
Antwortstatistiken
Einwohner Stadt Bundesland % Korrekt
238.762 Halle (Saale) ST
95%
111.343 Jena TH
92%
45.173 Hof (Saale) Bayern
88%
29.278 Saalfeld (Saale) TH
82%
32.155 Naumburg (Saale) ST
71%
24.943 Rudolstadt TH
70%
33.873 Merseburg ST
64%
32.573 Bernburg (Saale) ST
62%
40.192 Weißenfels ST
61%
13.908 Leuna ST
44%
6.795 Kahla TH
39%
5.360 Dornburg-Camburg TH
35%
3.359 Saalburg-Ebersdorf TH
33%
5.825 Bad Lobenstein TH
32%
8.323 Barby ST
29%
8.947 Schleiz TH
29%
657 Ziegenrück TH
29%
1.107 Orlamünde TH
23%
8.450 Calbe (Saale) ST
21%
11.466 Bad Dürrenberg ST
20%
2.132 Hirschberg TH
18%
8.265 Könnern ST
12%
6.158 Nienburg (Saale) ST
12%
9.807 Wettin-Löbejün ST
12%
2.525 Alsleben (Saale) ST
8%
6.865 Schwarzenbach an der Saale Bayern
8%
8.523 Lützen ST
6%
Keine übereinstimmenden Quizze gefunden
Verteilung der Resultate
Anzahl Personen mit jedem Resultat
Perzentil nach korrekt beantworteten Fragen
Ihre Resultats-Entwicklung
Sie haben dieses Quiz noch nicht gespielt